20th RSEP International Economics, Finance & Business Conference Conference Proceedings
Na minha lista:
| Autor Corporativo: | |
|---|---|
| Outros Autores: | , |
| Formato: | Livro |
| Idioma: | inglês |
| Publicado em: |
Ankara
BC Publishing
2021
|
| Edição: | 1st Edition |
| Assuntos: | |
| Tags: |
Sem tags, seja o primeiro a adicionar uma tag!
|
MARC
| LEADER | 00000nam a2200000 4500 | ||
|---|---|---|---|
| 001 | 0272168 | ||
| 005 | 20240822101716.1 | ||
| 020 | |a 978-605-06961-8-9 | ||
| 041 | 0 | |a eng | |
| 044 | |a TR | ||
| 245 | 1 | 0 | |a 20th RSEP International Economics, Finance & Business Conference |b Conference Proceedings |c Editors: Patrycja Chodnicka - Jaworska, M. Veysel Kaya |
| 250 | |a 1st Edition | ||
| 264 | 1 | |a Ankara |b BC Publishing |c 2021 | |
| 300 | |a 204 s. | ||
| 610 | 2 | 0 | |a financie medzinárodné |
| 610 | 2 | 0 | |a obchod medzinárodný |
| 610 | 2 | 0 | |a ekonómia medzinárodná |
| 700 | 1 | |a Chodnicka - Jaworska, Patrycja | |
| 700 | 1 | |a Kaya, M. Veysel | |
| 110 | 2 | |a 20th RSEP International Economics, Finance & Business. Virtual/Online Conference | |